The presidency of Abraham Lincoln / (Record no. 31123)

000 -LEADER
fixed length control field 01149cam a2200301 a 4500
001 - CONTROL NUMBER
control field 3944491
003 - CONTROL NUMBER IDENTIFIER
control field OSt
005 - DATE AND TIME OF LATEST TRANSACTION
control field 20220223102126.0
008 - FIXED-LENGTH DATA ELEMENTS--GENERAL INFORMATION
fixed length control field 931203s1994 ksu b 001 0 eng
010 ## - LIBRARY OF CONGRESS CONTROL NUMBER
LC control number 93046830
020 ## - INTERNATIONAL STANDARD BOOK NUMBER
International Standard Book Number 0700606718 (hardcover : acidfree paper) :
Terms of availability $29.95
040 ## - CATALOGING SOURCE
Original cataloging agency DLC
Transcribing agency DLC
Modifying agency DLC
043 ## - GEOGRAPHIC AREA CODE
Geographic area code n-us---
050 00 - LIBRARY OF CONGRESS CALL NUMBER
Classification number E457
Item number .P18 1994
082 00 - DEWEY DECIMAL CLASSIFICATION NUMBER
Classification number 973.7/092
Edition number 20
100 1# - MAIN ENTRY--PERSONAL NAME
Personal name Paludan, Phillip Shaw,
Dates associated with a name 1938-2007.
245 14 - TITLE STATEMENT
Title The presidency of Abraham Lincoln /
Statement of responsibility, etc. Phillip Shaw Paludan.
260 ## - PUBLICATION, DISTRIBUTION, ETC. (IMPRINT)
Place of publication, distribution, etc. Lawrence, Kan. :
Name of publisher, distributor, etc. University Press of Kansas,
Date of publication, distribution, etc. c1994.
300 ## - PHYSICAL DESCRIPTION
Extent xx, 384 p. ;
Dimensions 24 cm.
440 #0 - SERIES STATEMENT/ADDED ENTRY--TITLE
Title American presidency series
504 ## - BIBLIOGRAPHY, ETC. NOTE
Bibliography, etc Includes bibliographical references (p. 363-378) and index.
600 10 - SUBJECT ADDED ENTRY--PERSONAL NAME
Personal name Lincoln, Abraham,
Dates associated with a name 1809-1865.
651 #0 - SUBJECT ADDED ENTRY--GEOGRAPHIC NAME
Geographic name United States
General subdivision Politics and government
Chronological subdivision 1861-1865.
740 0# - ADDED ENTRY--UNCONTROLLED RELATED/ANALYTICAL TITLE
Uncontrolled related/analytical title Abraham Lincoln.
906 ## - LOCAL DATA ELEMENT F, LDF (RLIN)
a 7
b cbc
c orignew
d 1
e ocip
f 19
g y-gencatlg
942 ## - ADDED ENTRY ELEMENTS (KOHA)
Source of classification or shelving scheme
Koha item type Short Loan Books
Classification part E 457 .P18 1994
Holdings
Withdrawn status Lost status Source of classification or shelving scheme Damaged status Not for loan Home library Current library Shelving location Date acquired Source of acquisition Cost, normal purchase price Total Checkouts Full call number Barcode Date last seen Price effective from Koha item type
          MACHAKOS UNIVERSITY LIBRARY MACHAKOS UNIVERSITY LIBRARY Special Collection 23/02/2022 Donation(Damaris Kimanzi) 2336.00   E 457 .P18 1994 23869 23/02/2022 23/02/2022 Short Loan Books
© Machakos University Library, Along The Highway, Machakos Wote Rd, Machakos, Kenya P.O. Box 136 - 90100 Machakos - Kenya

Tel: ( +254 ) 723 805829 OR Fax : 044-20353 OR Email: library@mksu.ac.ke